| 000 | 01480nam a2200241Ia 4500 | ||
|---|---|---|---|
| 003 | Ost | ||
| 005 | 20260507075801.0 | ||
| 008 | 260507s9999||||xx |||||||||||||| ||und|| | ||
| 020 | _a9789961976838 | ||
| 040 | _cfsecg | ||
| 041 | _aara | ||
| 082 | _a657.46 | ||
| 100 |
_aشنوف، شعيب _eمؤلف |
||
| 245 | 0 |
_aمحاسبة المؤسسة طبقا للمعايير المحاسبية الدولية IAS/IFRS : _bالجزء الثاني / _c شعيب شنوف |
|
| 260 |
_aالجزائر : _bمكتبة الشركة الجزائرية بوداود, |
||
| 300 |
_a368 صفحة؛ _bإيضاحات ؛ _c24 سم |
||
| 504 | _aبيبليوغرافيا: ص ص361-366 | ||
| 520 | _aيضم النظام المحاسبي المالي للمؤسسات، الجديد من خلال النظام المحاسبي المالي ، تطبيقات حول النظام المحاسبي المالي الجديد، عرض وتقديم القوائم المالية ، المعايير المحاسبية الدولية التي تحكم الاستثمارات، المعايير المحاسبية الدولية التي تحكم المحاسبة الخاصة ، حلول تطبيقات الجزء الأول، الأزمة المالية العالمية ومحاسبة القيمة العادلة . | ||
| 653 | _aالمالية العامة- المحاسبة | ||
| 653 | _aالمحاسبة التحليلية | ||
| 653 | _aالمحاسبة الحكومية | ||
| 942 | _cكتاب | ||
| 999 |
_c46278 _d46278 |
||